Normal view
MARC view
Entry Personal Name
001 - CONTROL NUMBER
- control field: 6608
003 - CONTROL NUMBER IDENTIFIER
- control field: ARRUPE
005 - DATE AND TIME OF LATEST TRANSACTION
- control field: 20140114132426.0
008 - FIXED-LENGTH DATA ELEMENTS
- fixed length control field: 140114|| aca||aabn | a|a d
040 ## - CATALOGING SOURCE
- Original cataloging agency: ARRUPE
- Transcribing agency: ARRUPE
100 ## - HEADING--PERSONAL NAME
- Personal name: Carey, G. K.
- Fuller form of name: (Gary K.)
670 ## - SOURCE DATA FOUND
- Source citation: Work cat.: (ARRUPE)0: Snodgrass, Mary Ellen. 6604, Roman classics, c1988.